Loading...
| Science - Chemistry | 0 | 10 | 4 | 2 | 80 | 52 | 100.60 | 1 | 2 |
| Fine Arts - Classical Music | 0 | 6 | 1 | 0 | 55 | 76 | 108.67 | 1 | 2 |
| Literature - European Literature | 0 | 5 | 0 | 1 | 50 | 91 | 121.40 | 0 | 0 |
| Science - Biology | 0 | 5 | 2 | 2 | 40 | 74 | 109.60 | 0 | 0 |
| Literature - British Literature | 0 | 3 | 0 | 1 | 30 | 108 | 126.67 | 0 | 0 |
| Literature - American Literature | 0 | 3 | 1 | 1 | 25 | 117 | 130.67 | 0 | 0 |
| Social Science | 0 | 2 | 0 | 0 | 20 | 103 | 107.00 | 0 | 0 |
| Science - Other Science | 0 | 2 | 0 | 1 | 20 | 64 | 95.50 | 1 | 1 |
| Literature - World Literature | 0 | 1 | 0 | 0 | 10 | 137 | 137.00 | 0 | 0 |
| Fine Arts - Other Fine Arts | 0 | 2 | 2 | 1 | 10 | 136 | 144.00 | 0 | 0 |
| History - European History | 0 | 1 | 0 | 0 | 10 | 131 | 131.00 | 0 | 0 |
| Any History | 0 | 1 | 0 | 1 | 10 | 145 | 145.00 | 0 | 0 |
| Science - Physics | 0 | 1 | 0 | 0 | 10 | 85 | 85.00 | 0 | 1 |
| Other Academic | 0 | 1 | 1 | 1 | 5 | 138 | 138.00 | 0 | 0 |
| Painting & Sculpture | 0 | 0 | 0 | 0 | 0 | 0.00 | 0 | 0 |